Ядерный магнетизм: порядок и беспорядок: пер. с англ.; в 2 т.

Библиографические подробности
Главный автор: Абрагам А.
Другие авторы: Гольдман М.
Язык:русский
Опубликовано: Москва, Мир, 1984
Формат: MixedMaterials Книга
Запись в KOHA:https://koha.lib.tpu.ru/cgi-bin/koha/opac-detail.pl?biblionumber=265002

MARC

LEADER 00000nam1a2200000 4500
001 265002
005 20231031223003.0
035 |a (RuTPU)RU\TPU\book\288000 
090 |a 265002 
100 |a 20140623d1984 k y0rusy50 ca 
101 1 |a rus  |c eng 
102 |a RU 
200 1 |a Ядерный магнетизм: порядок и беспорядок  |e пер. с англ.  |e в 2 т.  |f А. Абрагам, М. Гольдман 
210 |a Москва  |c Мир  |d 1984 
700 1 |a Абрагам  |b А. 
701 1 |a Гольдман  |b М. 
801 1 |a RU  |b 63413507  |c 20140623 
801 2 |a RU  |b 63413507  |c 20160907  |g RCR 
942 |c BK